000 00704nam a2200217Ia 4500
003 GCL
008 140319s9999 xx 000 0 ara d
040 _aGCL /
_cGCL
082 0 4 _a272.64
_bم ت
100 1 _aجوزيف صابر
245 1 0 _aالتفسير الحديث للكتاب المقدس :
_bالعهد الجديد انجيل لوقا /
_cجوزيف صابر
700 1 _aموريس ، القس ليون
700 1 _aنيكلس نسيم
250 _aالاولى
260 _aالقاهرة :
_bدار الثقافة ،
_c1991
300 _a376ص ؛
_c24 سم
650 0 4 _aالعهد الجديد
650 0 4 _aالمسيح
650 0 4 _aانجيل لوقا
942 _2ddc
_cBK
999 _c30076
_d30076